[Event "Santa Rosa op"]
[Site "Santa Rosa"]
[Date "2022.07.09"]
[Round "4"]
[White "Egea, Denis"]
[Black "Lores Schwindt, Benicio"]
[Result "0-1"]
[WhiteElo "1800"]
[BlackElo "1385"]
[PlyCount "54"]
[EventDate "2022.07.08"]
[EventType "swiss"]
[EventRounds "7"]
[EventCountry "ARG"]
[SourceTitle "CBM 209 Extra"]
[Source "ChessBase"]
[SourceDate "2022.09.30"]
[SourceVersion "1"]
[SourceVersionDate "2022.09.30"]
[SourceQuality "1"]

1. e4 e5 2. Nf3 Nc6 3. d4 exd4 4. Nxd4 Bc5 5. Be3 Qf6 6. c3 Nge7 7. Bc4 0-0 8. 0-0 d6 9. Nxc6 Nxc6 10. Bxc5 dxc5 11. Nd2 Be6 12. f4 Rad8 13. Bxe6 Qxe6 14. Qe2 a6 15. Rf3 b5 16. Rh3 Na5 17. Nf3 c4 18. Ng5 Qb6+ 19. Kh1 h6 20. Nf3 Nb7 21. g4 Nc5 22. Nd4 Nd3 23. Rf1 Rxd4 24. cxd4 Qxd4 25. Qg2 Nxb2 26. g5 hxg5 27. Rh8+ Kxh8 0-1

[Event "South America-ch U10 16th"]
[Site "Buenos Aires"]
[Date "2019.12.04"]
[Round "6.5"]
[White "Lores Schwindt, Benicio"]
[Black "Farhat, Eliseo"]
[Result "1/2-1/2"]
[WhiteElo "1405"]
[BlackElo "1322"]
[PlyCount "64"]
[EventDate "2019.12.01"]
[EventType "swiss"]
[EventRounds "9"]
[EventCountry "ARG"]
[SourceTitle "EXT 2024"]
[Source "ChessBase"]
[SourceDate "2023.10.10"]
[SourceVersion "1"]
[SourceVersionDate "2023.10.10"]
[SourceQuality "1"]

1. e4 e6 2. d4 d5 3. exd5 exd5 4. Bd3 Bd6 5. Nf3 Nf6 6. 0-0 0-0 7. Nbd2 Bg4 8. h3 Bh5 9. Re1 Nbd7 10. c3 c6 11. Qc2 Qc7 12. b3 Rfe8 13. Bb2 Nf8 14. g4 Bg6 15. Bxg6 Nxg6 16. Qf5 Qd7 17. Qxd7 Nxd7 18. h4 Nf6 19. g5 Nh5 20. Nf1 Nhf4 21. Ne3 Kf8 22. Nf5 Bc7 23. Ba3+ Kg8 24. Bd6 Bxd6 25. Nxd6 Rxe1+ 26. Rxe1 b6 27. Nf5 Kf8 28. Kf1 f6 29. gxf6 gxf6 30. Nh2 Re8 31. Ng4 Rxe1+ 32. Kxe1 Nh5 1/2-1/2

[Event "South America-ch U10 16th"]
[Site "Buenos Aires"]
[Date "2019.12.02"]
[Round "3.5"]
[White "Ramos, Enzo de Almeida"]
[Black "Lores Schwindt, Benicio"]
[Result "1/2-1/2"]
[WhiteElo "1274"]
[BlackElo "1405"]
[PlyCount "47"]
[EventDate "2019.12.01"]
[EventType "swiss"]
[EventRounds "9"]
[EventCountry "ARG"]
[SourceTitle "EXT 2024"]
[Source "ChessBase"]
[SourceDate "2023.10.10"]
[SourceVersion "1"]
[SourceVersionDate "2023.10.10"]
[SourceQuality "1"]

1. c4 e5 2. Nc3 Nc6 3. Nf3 Bc5 4. g3 Nf6 5. Bg2 0-0 6. 0-0 d6 7. d3 h6 8. Rb1 a6 9. a3 Rb8 10. b4 Ba7 11. Bb2 Be6 12. Qc2 Qd7 13. Nd2 Nd4 14. Qd1 Bh3 15. e3 Bxg2 16. Kxg2 Ne6 17. Nb3 Ng5 18. Rh1 Qf5 19. Qe2 Qh3+ 20. Kg1 Nd7 21. Nd2 f5 22. Nf3 Qg4 23. Nxg5 Qxg5 24. Kf1 1/2-1/2

[Event "Daireaux IRT 3rd"]
[Site "Daireaux"]
[Date "2019.07.07"]
[Round "3.13"]
[White "Cruz, Tomas"]
[Black "Lores Schwindt, Benicio"]
[Result "1-0"]
[WhiteElo "1772"]
[BlackElo "1232"]
[PlyCount "71"]
[EventDate "2019.07.06"]
[EventType "swiss"]
[EventRounds "7"]
[EventCountry "ARG"]
[SourceTitle "EXT 2024"]
[Source "ChessBase"]
[SourceDate "2023.10.10"]
[SourceVersion "1"]
[SourceVersionDate "2023.10.10"]
[SourceQuality "1"]

1. c4 e5 2. Nc3 Nf6 3. g3 Bc5 4. Bg2 d6 5. Nf3 Be6 6. d4 exd4 7. Nxd4 Bxd4 8. Qxd4 Nc6 9. Bxc6+ bxc6 10. Ne4 Nxe4 11. Qxe4 d5 12. Qd4 0-0 13. c5 Re8 14. h3 Qe7 15. e3 Bf5 16. f3 Qg5 17. Kf2 Qg6 18. g4 Bd3 19. h4 Bb5 20. Bd2 Qd3 21. Rhe1 Re7 22. Rad1 Qxd4 23. exd4 Rae8 24. Ba5 Re2+ 25. Kg3 Kf8 26. Rxe2 Rxe2 27. Re1 Rxb2 28. Bxc7 f6 29. Bd6+ Kg8 30. Re8+ Kf7 31. Re7+ Kg6 32. h5+ Kh6 33. Rxa7 Rb1 34. Bf8 Rg1+ 35. Kh2 Rf1 36. Rxg7 1-0